| 000 | 01364nam a22002297a 4500 | ||
|---|---|---|---|
| 003 | OSt | ||
| 005 | 20220608145439.0 | ||
| 008 | 120524t xxu||||| |||| 00| 0 eng d | ||
| 020 | _a9781861242433 | ||
| 040 | _cLC | ||
| 050 | _aHF5437.U6.C48 | ||
| 110 | _aCIPS | ||
| 245 |
_aLegal aspects in procurement and supply (UK). / _cCIPS |
||
| 260 |
_aMaidenhead, England: _bProfex, _c2012. |
||
| 300 |
_a2 vols. : _bill; |
||
| 440 |
_aCIPS study matters, _n Optional Unit 6. |
||
| 500 | _aProfessional Diploma in procurement and supply: revision notes | ||
| 505 | _aContents: Overview of English law -- Contracts and contract terms -- Offer and acceptance -- Consideration -- Intention, capacity and form -- Void and unenforceable contracts -- Discharge of contract -- Remedies for non-performance -- The settlement of commercial disputes -- Express terms of contract -- Implied terms: sale of goods -- Transfer of property, risk and title -- Remedies for breach in sale of goods contracts -- Implied terms: supply of goods and services -- Agency and bailment -- Assignment and subcontracting -- Negligence -- The EUU procurement directives -- Intellectual property law -- Employment law -- The law on competition, bribery and corruption -- | ||
| 650 | _aIndustrial procurement -- management | ||
| 650 |
_aBusiness logistics _vLegal aspects |
||
| 942 |
_2lcc _cBK |
||
| 999 |
_c7547 _d15047 |
||